[Event "Chelyabinskiy variant-A 2021"]
[Site "Chelyabinsk"]
[Date "2021.03.31"]
[Round "10.12"]
[White "Makarian, Rudik"]
[Black "Harutjunyan, Gevorg"]
[Result "1-0"]
[WhiteElo "2458"]
[BlackElo "2439"]
[Annotator "TA"]
[PlyCount "145"]
[EventDate "2021.03.23"]
[EventType "swiss"]
[EventCountry "RUS"]
[SourceTitle "playchess.com"]
[Source "ChessBase"]
[SourceQuality "1"]

{[%evp 18,145,54,59,52,55,58,40,38,-14,-12,-12,-12,-16,-22,-20,-15,-22,-21,-40,80,76,123,66,101,96,108,108,116,108,108,102,112,106,112,104,134,126,213,212,199,193,274,266,277,188,175,175,168,114,179,183,184,139,140,133,152,121,133,112,102,106,116,93,89,70,58,79,69,78,94,47,66,42,114,117,121,128,121,107,118,110,110,110,110,107,132,125,347,156,163,154,120,129,126,0,100,8,8,8,8,8,8,0,0,0,1220,1167,1091,1021,976,772,29983,29984,29984,29984,29985,29986,29986,29987,29987,29988,29987,29987,29989,29990,29994,29995,29995,29996]} 1. d4 Nf6 2. c4 g6 3. Nc3 Bg7 4. e4 d6 5. Be2 O-O 6. Be3 Na6 7. Nf3 e5 8. d5 Ng4 9. Bg5 f6 10. Bh4 g5 {E92: King's Indian: Classical: 6 Be2 e5: 7 dxe5, 7 Be3 and Petrosian System without 7...Nbd7.} 11. Bg3 Nh6 12. h4 g4 $1 {[%cal Rg4f3] White is slightly better.} 13. Nh2 (13. Nd2 $14) 13... f5 $11 14. exf5 Nxf5 {[#]} 15. Nxg4 $146 ({Predecessor:} 15. Bxg4 Nxg3 16. fxg3 e4 17. Qd2 Nc5 18. Be2 Qe8 19. Qe3 Na4 20. O-O-O Nxc3 21. bxc3 Qa4 22. Kb2 Bd7 23. a3 b5 24. Ka2 Qc2+ {0-1 (24) Biljanic,L (2236)-Danchevski,O (2363) Ohrid 2017}) 15... Nxg3 16. fxg3 Nc5 17. Nf2 e4 $1 {[%cal Re4e3] And now ...e3 would win.} 18. O-O Bf5 (18... Qe7 $15 {keeps the upper hand.}) 19. Bg4 $16 Qe7 20. Nh3 (20. Bxf5 $16 Rxf5 21. Qg4 {[%mdl 64] Double Attack}) 20... Bxg4 21. Qxg4 Kh8 22. Ng5 e3 23. Qh5 {[%csl Gg5][%cal Rh5h7]} Bf6 24. Ne2 $36 {[%mdl 2048] White is on the roll.} Bxg5 25. hxg5 Ne4 26. g6 Rf2 {[#]} 27. Qh6 $1 Nf6 ({Avoid the trap} 27... Rxe2 $2 28. Rf7 $18) (27... Qg7 $16 {is a better defense.} 28. Qxe3 {[%mdl 64] Double Attack} Rxe2 {[%mdl 64] Decoy} 29. Qxe2 Nxg3) (27... Qg7 28. Qxe3) 28. Nf4 $18 {Hoping for gxh7.} ({Don't blunder} 28. Rxf2 $2 exf2+ 29. Kf1 Re8 $17) 28... Ng4 29. Qh5 Nf6 (29... Rxf1+ $142 30. Rxf1 Ne5) 30. Qh4 Rg8 31. Rae1 Rxf1+ 32. Kxf1 {Black must now prevent Rxe3!} Rg7 33. b3 (33. Kg1 $18) 33... Kg8 (33... Qe5 $16 {was worth a try.}) 34. Qg5 c6 35. gxh7+ Kxh7 36. Qf5+ Kg8 37. Qc8+ Kf7 38. Qe6+ Qxe6 39. dxe6+ $16 {[%mdl 4096] Endgame KRN-KRN} Ke7 40. Rxe3 Rg5 41. Ke2 Ng4 42. Rc3 Re5+ 43. Kd2 {Strongly threatening Ng6+.} Rg5 44. b4 Nf6 {Threatens to win with ...Ne4+.} 45. Re3 (45. Rb3 {seems wilder.} Nh5 46. Ke1 Nxf4 47. gxf4 Rxg2 48. f5) 45... Rxg3 46. Rxg3 Ne4+ 47. Ke3 Nxg3 {KN-KN} 48. Kf3 Nf1 49. Ke4 Ng3+ 50. Kd3 Kf6 51. a4 {[%cal Ba2a4,Ba4a5][%mdl 32]} Ke7 52. a5 a6 $2 (52... Nh1 $16 53. b5 a6 54. bxc6 bxc6) 53. Ke3 (53. Ne2 $18 {and the rest is easy.} Nxe2 54. Kxe2) 53... Kf6 54. Kf3 Nf1 55. Ke2 Ng3+ 56. Kf3 Nf1 57. g4 (57. Ke4 $16) 57... Nd2+ $11 58. Kg3 {Black should prevent g5+!} Nxc4 59. g5+ Ke7 60. Kg4 Ne3+ 61. Kh5 Nf5 $2 {[%mdl 8192]} (61... c5 $11 62. bxc5 dxc5) 62. Kg6 $1 $18 {[%cal Rg6f5]} Nh4+ {[#]} 63. Kh7 $1 c5 64. bxc5 dxc5 65. g6 {White mates.} Nf5 66. g7 Nxg7 67. Kxg7 {KN-K3P} c4 68. Kg6 c3 {[#]} 69. Kf5 $1 ({And not} 69. Nd5+ Kxe6 70. Nxc3 Ke5 $11) 69... c2 70. Nd3 Ke8 71. Kf6 Kf8 72. e7+ Ke8 73. Ke6 {Weighted Error Value: White=0.19/Black=0.16} 1-0

[Event "Chelyabinskiy variant-A 2021"]
[Site "Chelyabinsk"]
[Date "2021.03.31"]
[Round "10.14"]
[White "Zarubitski, Viachaslau"]
[Black "Bivol, Alina"]
[Result "0-1"]
[WhiteElo "2446"]
[BlackElo "2370"]
[Annotator "TA"]
[PlyCount "238"]
[EventDate "2021.03.23"]
[EventType "swiss"]
[EventCountry "RUS"]
[SourceTitle "playchess.com"]
[Source "ChessBase"]
[SourceQuality "1"]

{[%evp 12,238,10,4,20,3,8,12,12,0,6,-6,17,-24,-22,-25,-8,-25,6,0,-7,-32,-33,-27,-41,-25,-27,-20,-14,-33,-36,-10,-10,-56,-38,-68,-17,-23,0,0,0,-26,0,0,30,0,0,-29,-24,-43,-32,-39,-41,-27,-14,-7,-6,-6,-6,-7,0,0,0,-12,-19,-65,-65,-80,0,-15,0,-79,-78,-79,-79,-113,-102,-96,-10,-12,0,-59,-71,-66,0,0,0,0,0,0,0,-45,-48,-113,-102,-94,0,0,0,-110,-114,-136,-57,-56,0,0,0,0,0,0,0,0,8,-8,-8,-8,-8,-8,-8,-8,-8,-11,-35,-43,-8,-13,-20,-29984,-29985,-29984,-196,-196,-196,-190,-188,-425,-436,-324,0,-525,-520,-507,-340,-596,-608,-616,-616,-566,-589,-566,0,0,0,0,0,-464,-412,-759,-645,-4010,-4010,-3991,-3988,-3981,-3953,-2143,-3261,-1907,-1868,-29967,-29972,-29971,-29967,-29977,-29967,-29966,-2117,-29969,-29970,-29976,-29974,-29973,-29973,-29968,-935,-1262,-1196,-29970,-29972,-29972,-29971,-29971,-29969,-29968,-29965,-29973,-29974,-29974,-29975,-29975,-29976,-29975,-8,-41,-70,-237,-238,-245,0,0,0,0,0,0,0,0,0,-29976,-29977,-29984,-29985,-29985,-29986,-29987,-29988,-29991,-29992,-29992,-29993]} 1. Nf3 Nf6 2. b3 g6 3. Bb2 Bg7 4. g3 b6 5. Bg2 Bb7 6. O-O O-O 7. c4 d5 {A15: English Opening: 1...Nf6.} 8. d4 dxc4 9. bxc4 e6 {[#] The position is equal.} 10. e3 $146 ({Predecessor:} 10. Nbd2 Nbd7 11. a4 a5 12. Qb3 Ne4 13. Nxe4 Bxe4 14. Rfd1 Qc8 15. Ne5 Bxg2 16. Nxd7 Qxd7 17. Kxg2 {½-½ (33) Velikanov,I (2231)-Takhirov,V (2096) Sochi 2018}) 10... Nbd7 11. Nbd2 Ne4 12. Nb3 c5 13. Qe2 Rc8 14. Rac1 Qe7 15. Ba3 Rfd8 16. Nfd2 Nxd2 17. Nxd2 Bxg2 18. Kxg2 Nb8 19. dxc5 Qb7+ 20. Kg1 Qa6 21. Nb1 bxc5 22. Rfd1 Nd7 23. f4 Rb8 (23... e5 $15) 24. Rd3 $11 Rb7 25. Qd1 Bf8 26. Nd2 Qc6 27. Nb3 Rbb8 28. Qd2 {With the idea Rd1.} (28. Rc2 $5 {[%cal Rc2d2]} a5 29. Kf2 $14 (29. Nxa5 Qa8 $11)) 28... Be7 29. Bb2 Nf6 30. Bxf6 Bxf6 31. Rd1 Kg7 32. Qg2 Qc7 33. Rxd8 Bxd8 34. Qd2 Bf6 35. Qd6 Qb7 36. Nxc5 Qf3 37. Nd7 Qxe3+ 38. Kf1 Qf3+ 39. Kg1 Qe3+ (39... Rd8 $1 $17 {And now ...Be7! would win.} 40. Rd3 Qe4) 40. Kf1 Qf3+ (40... Rc8 $11) 41. Kg1 $17 Rd8 $1 42. c5 {[#]} Be7 $1 43. Qd4+ (43. Rd3 Bxd6) 43... f6 44. Rd3 Qc6 (44... Qb7 $1 $17) 45. g4 $1 $11 Kg8 {Threatening ...h5.} 46. Kf2 ({White should play} 46. h3 $11) 46... Qh1 $15 47. h3 Kf7 (47... Qh2+ $15 48. Kf1 Qxa2) 48. g5 $11 Qh2+ 49. Kf1 {[%cal Rg5f6]} fxg5 50. fxg5 Bxg5 51. Qe4 Kg7 52. Qxe6 (52. c6 $15) 52... Qh1+ 53. Ke2 Qa8 (53... Qb1 $17 54. Ne5 Qb2+ 55. Kf1 Rf8+ 56. Rf3 Qb5+ 57. Kg2 Qe2+ 58. Kh1 Qd1+ 59. Kg2 Qd2+ 60. Kf1 Rf4) 54. Qe5+ Kh6 55. h4 (55. Rd5 $2 Re8 $19) (55. Qd5 $11) 55... Qg2+ $17 56. Kd1 Qf1+ ({Better is} 56... Qg4+ $17 57. Kc2 Qc4+ 58. Qc3 Qxa2+ 59. Qb2 Qxb2+ 60. Kxb2 Bxh4) 57. Kc2 $15 Qc1+ (57... Bxh4 $15 58. Qe4 Bg5) 58. Kb3 $11 Qb1+ {[%mdl 64] Double Attack} 59. Kc3 $1 Bc1 60. Qe2 {Strongly threatening Ne5.} a5 {White must now prevent ...Qb5.} 61. a3 a4 $132 {[%mdl 2048] Black puts up resistance} ({Reject} 61... Bxa3 $6 62. Qe3+ Kg7 63. Qe5+ (63. Qe7+ Kh6 $16) 63... Kh6 64. Qg5+ Kg7 65. Qf6+ (65. Qxd8 Bb2+ 66. Kc4 Qc2+ 67. Kb5 Qxd3+ 68. Kxa5 Qc3+ 69. Ka6 Qc4+ 70. Kb7 Qb5+ 71. Kc7 Be5+ {[%mdl 64] Decoy} 72. Nxe5 Qxc5+ 73. Nc6 g5 $16) 65... Kh6 66. Qg5+ (66. Qxd8 Bb2+ 67. Kc4 Qc2+ 68. Kb5 Qxd3+ 69. Kxa5 Bc1 $14) 66... Kg7 67. Qf6+ (67. Qxd8 Bb2+ 68. Kc4 Qc2+ 69. Kb5 Qxd3+ 70. Kxa5 Kh6 $16) 67... Kh6 68. Qg5+ $16 (68. Qxd8 Bb2+ 69. Kc4 Qc2+ 70. Kb5 Qxd3+ 71. Kxa5 Bc1 $14)) 62. Kc4 {[#]} Rxd7 $1 {[%mdl 64] Deflection} 63. Rxd7 {[%mdl 4096] Endgame KQR-KQB} Qb3+ {[%mdl 64] Double Attack} 64. Kd4 {aiming for Qc4.} Bb2+ 65. Ke4 Qe6+ {[%mdl 64] Double Attack} 66. Kf3 {White threatens Qd2+ and mate.} Qxd7 67. Qxb2 {KQ-KQ} Qf5+ (67... Qd5+ {is interesting.} 68. Kg3 Qb3+ 69. Qxb3 axb3 70. c6 b2) 68. Kg3 Qxc5 {...Qd6+ is the strong threat.} 69. Kg4 $2 {[%mdl 8192]} (69. Qd2+ $11 g5 70. Kh3) 69... Qc4+ 70. Kg3 Qd3+ $2 (70... Qb3+ 71. Qxb3 axb3 72. Kf4 b2 73. Ke5 b1=Q 74. a4 Qa1+ 75. Ke4 Qxa4+ 76. Kd5 Qb4 77. Ke5 Kg7 78. h5 gxh5 79. Kf5 Qd4 80. Ke6 Kf8 81. Kf5 Kf7 82. Kg5 Qg4+ 83. Kh6 Qg6#) 71. Kg2 {intending Qc1+.} Qe4+ 72. Kg3 Qe3+ 73. Kg4 $2 (73. Kh2) 73... Qe6+ $19 74. Kf4 Qc4+ $2 (74... Qh3 $19 75. Qc1 Qxh4+ 76. Kf3+ Kh5) 75. Ke3 $2 {[%mdl 8192]} (75. Kg3 $1 $11 {and White stays safe.}) 75... Qxh4 76. Qb8 Qh3+ 77. Kf2 $2 (77. Kd2) 77... Qxa3 78. Qf4+ Kg7 79. Qd4+ Kf7 $1 80. Qd7+ Kg8 $2 (80... Kf6 $19 81. Qd8+ Ke5 82. Qh8+ Ke4 83. Qxh7 Qc5+ 84. Kg2 Qg5+ 85. Kf2 Qf5+ 86. Kg1 Qg4+ 87. Kf1 Kd3) 81. Qd5+ $11 Kf8 {Threatens to win with ...Qb2+.} 82. Qd8+ $1 Kf7 $2 {[%mdl 8192]} (82... Kg7 $11 83. Qd4+ Kf7 84. Qc4+ Kf6 85. Qh4+ Kg7 86. Qd4+) 83. Qd7+ $19 Kf6 84. Qd4+ (84. Qxh7 $142 Qc5+ 85. Kg2) 84... Ke6 85. Qe4+ Kd6 86. Qd4+ Kc6 87. Qe4+ Kb5 88. Qb7+ Kc4 89. Qf7+ Kc3 90. Qxh7 Qc5+ 91. Kg2 Qd5+ 92. Kg3 Qd3+ 93. Kg2 Qc2+ (93... Qe4+ $142 94. Kg3 a3 95. Qf7 Kb2 96. Qf6+ Kb3 97. Qb6+ Qb4 98. Qe6+ Qc4 99. Qb6+ Ka2 100. Qf6 Kb1 101. Qb6+ Kc2 102. Kh2 Qe2+ 103. Kg1 Qe1+ 104. Kh2 Qd2+ 105. Kh1 Qc1+ 106. Kg2 Qb2 107. Qa6 a2 108. Qc4+ Kd2 109. Qd5+ Ke1+ 110. Kh3 Qc3+ 111. Kg4 a1=Q 112. Qh1+ Kd2 113. Qg2+ Kd3 114. Qg3+ Kc2 115. Qg2+ Qd2 116. Qe4+ Qd3 117. Qg2+ Kc3 118. Qc6+ Kd2 119. Qg2+ Qe2+ 120. Qxe2+ Kxe2 121. Kg5 Qg7 122. Kf4 Qe7 123. Kg4 Kf2 124. Kh3 Qe3+ 125. Kh4 Qg3#) 94. Kg3 Kb2 95. Kg4 Qe4+ 96. Kg3 Qd3+ 97. Kg4 a3 (97... Qc4+ $142 98. Kg5 Qd5+ 99. Kf4 g5+ 100. Kg3 a3 101. Qh8+ Kc2 102. Qc8+ Kd2 103. Qh8 a2 104. Qg7 Qe4 105. Kh2 Qe2+ 106. Kg3 Qe1+ 107. Kf3 Qf1+ 108. Kg4 Qg1+ 109. Kf3 Qf1+ 110. Kg4 Qg1+ 111. Kh3 g4+ 112. Qxg4 Qxg4+ 113. Kxg4 a1=Q 114. Kf5 Ke3 115. Ke6 Qd4 116. Ke7 Kf4 117. Kf7 Kf5 118. Ke7 Qd2 119. Kf8 Qd7 120. Kg8 Kf6 121. Kh8 Qg7#) 98. Qb7+ Kc3 99. Kg5 a2 100. Qc7+ Kb4 101. Qe7+ Ka4 102. Qa7+ Kb3 103. Qb7+ Kc2 $1 104. Qc6+ {[#]} Kd2 $1 105. Qg2+ Qe2 106. Qd5+ Kc1 $2 (106... Ke3 {mates} 107. Qe5+ Kf3 108. Qf6+ Kg3 109. Qc3+ Kf2 110. Qf6+ Kg2 111. Kxg6 Qd3+ 112. Kh6 Qh3+ 113. Kg6 Qg3+ 114. Kh6 Qh3+ 115. Kg6 Qg3+ 116. Kh7 Qh2+ 117. Kg8 Qg1 118. Qc6+ Kh3+ 119. Kf8 a1=Q 120. Qh6+ Kg4 121. Qg6+ Kf4 122. Qf7+ Kg5 123. Qd5+ Kh6 124. Qe6+ Kh7 125. Qh3+ Kg6 126. Qd3+ Kh6 127. Qd6+ Kh7 128. Qd3+ Qg6 129. Qh3+ Qh6+ 130. Qxh6+ Kxh6 131. Ke8 Qg7 132. Kd8 Qb7 133. Ke8 Qc7 134. Kf8 Qd7 135. Kg8 Qg7#) 107. Qc5+ Kd1 108. Qg1+ Kc2 109. Qc5+ Kb1 $2 (109... Kb3 $19 110. Qb6+ Kc3 111. Qf6+ Kc2 112. Qxg6+ Qd3 113. Qc6+ Kd2 114. Qg2+ Qe2 115. Qd5+ Ke3 116. Qe5+ Kf3 117. Qf6+ Kg2) 110. Qg1+ $11 Kb2 111. Qd4+ Kc2 112. Qc5+ $1 Kd3 113. Qd5+ Ke3 {( -> ...Qh5+)} 114. Qe5+ $2 {[%mdl 8192] [#]} (114. Qb3+ $11 Kf2 115. Kf4 g5+ {[%mdl 64] Promotion} 116. Kxg5 a1=Q 117. Qb6+ Qe3+ 118. Qxe3+ Kxe3 119. Kf5 Qd4 120. Ke6 Kf4 121. Kf7 Kf5 122. Ke7 Qd3 123. Kf8 Qd7 124. Kg8 Kf6 125. Kh8 Qg7#) 114... Kf3 $1 {Black mates.} 115. Qd5+ Kf2 116. Qf7+ Ke1 117. Qa7 Qe5+ 118. Kg4 a1=Q 119. Qg1+ Kd2 {Weighted Error Value: White=0.16/Black=0.17} 0-1